| 000 | 01441cam a22003975a 4500 | ||
|---|---|---|---|
| 001 | 199244 | ||
| 005 | 20240818093011.0 | ||
| 008 | 990714t1999 nyua fr 001 0 eng d | ||
| 010 | _a 99027788 | ||
| 020 | _a0070248303 | ||
| 020 | _a9780070248304 | ||
| 035 | _a(DLC) 99027788 | ||
| 040 |
_aDLC _beng _cDLC _dDLC _dEG-ScBUE |
||
| 082 | 0 | 4 |
_a539.076 _bGAU _222 |
| 100 | 1 |
_aGautreau, Ronald. _941277 |
|
| 245 | 1 | 0 |
_aTheory and problems of modern physics / _cRonald Gautreau, William Savin. |
| 246 | 3 | 3 | _aSchaum's outline of theory and problems of modern physics |
| 246 | 3 | 0 | _aModern physics |
| 250 | _a2nd ed. | ||
| 260 |
_aNew York : _bMcGraw-Hill, _cc.1999. |
||
| 300 |
_aix, 338 p. : _bill. ; _c28 cm. |
||
| 490 | 0 | _aSchaum’s outline series | |
| 500 | _aIndex : p. 333-338. | ||
| 650 | 7 |
_aPhysics _vProblems, exercises, etc. _2BUEsh _931057 |
|
| 651 | _2BUEsh | ||
| 653 |
_bENGELC _cSeptember2016 |
||
| 655 |
_vReading book _934232 |
||
| 700 | 1 |
_aSavin, William. _941278 |
|
| 856 | 4 | 2 |
_3Publisher description _uhttp://www.loc.gov/catdir/description/mh023/99027788.html |
| 856 | 4 | 1 |
_3Table of contents _uhttp://www.loc.gov/catdir/toc/mh023/99027788.html |
| 856 | 4 | 2 |
_3Contributor biographical information _uhttp://www.loc.gov/catdir/enhancements/fy0739/99027788-b.html |
| 942 |
_2ddc _hRDA-MOD |
||
| 999 |
_c22430 _d22402 |
||
| 336 |
_2rdacontent _atext _btxt |
||
| 337 |
_aunmediated _2rdamedia _bn |
||
| 338 |
_avolume _bnc _2rdacarrier |
||